[Event "African Games-chT 2019"]
[Site "Casablanca"]
[Date "2019.08.24"]
[Round "5.10"]
[White "Mushore, Emarald Takudzwa"]
[Black "Tissir, Mohamed"]
[Result "1-0"]
[WhiteElo "2198"]
[BlackElo "2379"]
[Annotator "NA"]
[PlyCount "67"]
[EventDate "2019.08.24"]
[EventType "team-tourn"]
[EventCountry "MAR"]
[SourceTitle "playchess.com"]
[Source "ChessBase"]
[SourceQuality "1"]
[WhiteTeam "Zimbabwe"]
[BlackTeam "Morocco"]
[WhiteTeamCountry "ZIM"]
[BlackTeamCountry "MAR"]
[TimeControl "900+10"]

1. e4 {[%emt 0:00:00]} d6 {[%emt 0:00:00]} 2. d4 {[%emt 0:00:00]} g6 {[%emt 0:00:00]} 3. Nc3 {[%emt 0:00:00]} Bg7 {[%emt 0:00:00]} 4. Be3 {[%emt 0:00:00]} Nd7 {[%emt 0:00:00]} 5. Qd2 {[%emt 0:00:02]} a6 {[%emt 0:00:06]} 6. f3 {[%emt 0:00:05]} Ngf6 {[%emt 0:01:19]} 7. Nge2 {[%emt 0:00:04]} b5 {[%emt 0:00:22]} 8. Nf4 {[%emt 0:00:19]} c6 {[%emt 0:00:13]} 9. g4 {[%emt 0:00:23]} e5 {[%emt 0:00:05]} 10. Nfe2 {[%emt 0:00:01]} h5 {[%emt 0:00:07]} 11. g5 {[%emt 0:00:28]} Nh7 {[%emt 0:00:01]} 12. h4 {[%emt 0:00:07]} O-O {[%emt 0:00:24]} 13. f4 {[%emt 0:00:05]} exf4 {[%emt 0:01:09]} 14. Nxf4 {[%emt 0:00:14]} Re8 {[%emt 0:00:15]} 15. Bg2 {[%emt 0:00:04]} c5 {[%emt 0:01:00]} 16. O-O-O {[%emt 0:00:12]} c4 {[%emt 0:00:37]} 17. e5 {[%emt 0:00:20]} Rb8 {[%emt 0:00:23]} 18. e6 {[%emt 0:00:13]} fxe6 {[%emt 0:00:14]} 19. Nxg6 {[%emt 0:00:02]} b4 {[%emt 0:00:11]} 20. Ne4 {[%emt 0:00:02]} c3 {[%emt 0:00:01]} 21. Qe2 {[%emt 0:00:06]} Qa5 {[%emt 0:00:08]} 22. Kb1 {[%emt 0:00:22]} Qc7 {[%emt 0:02:01]} 23. Bf4 {[%emt 0:01:13]} Rb6 {[%emt 0:00:19]} 24. Rhf1 {[%emt 0:01:24]} Bb7 {[%emt 0:00:08]} 25. Nxd6 {[%emt 0:00:36]} b3 {[%emt 0:00:10]} 26. axb3 {[%emt 0:00:12]} Rxd6 {[%emt 0:00:08]} 27. Bxb7 {[%emt 0:00:14]} cxb2 {[%emt 0:00:15]} 28. Bxd6 {[%emt 0:00:21]} Qxd6 {[%emt 0:00:01]} 29. Qxa6 {[%emt 0:01:30]} Qb4 {[%emt 0:00:36]} 30. Bc6 {[%emt 0:01:51]} Qd6 {[%emt 0:00:30]} 31. Bb5 {[%emt 0:00:40]} Qc7 {[%emt 0:00:57]} 32. Qc6 {[%emt 0:00:38]} Qa7 {[%emt 0:00:00]} 33. Ba4 {[%emt 0:00:01]} Nhf8 {[%emt 0:08:09]} 34. Nxf8 {[%emt 0:00:32]} 1-0

[Event "African Games-chT 2019"]
[Site "Casablanca"]
[Date "2019.08.24"]
[Round "5.11"]
[White "Mayar ElIdrissi, Firdaous"]
[Black "Shaba, Linda"]
[Result "1-0"]
[WhiteElo "1760"]
[BlackElo "1615"]
[Annotator "NA"]
[PlyCount "61"]
[EventDate "2019.08.24"]
[EventType "team-tourn"]
[EventCountry "MAR"]
[SourceTitle "playchess.com"]
[Source "ChessBase"]
[SourceQuality "1"]
[WhiteTeam "Morocco"]
[BlackTeam "Zimbabwe"]
[WhiteTeamCountry "MAR"]
[BlackTeamCountry "ZIM"]
[TimeControl "900+10"]

1. e4 e6 2. d4 d5 3. exd5 exd5 4. Nf3 Nf6 5. Be2 Bg4 6. Nc3 Be7 7. Be3 c6 8. Qd2 Nbd7 9. h3 Bh5 10. g4 Bg6 11. O-O-O Ne4 12. Nxe4 Bxe4 13. Rhg1 Qb6 14. Ng5 Bxg5 15. Bxg5 f6 16. Bf4 O-O 17. f3 Bg6 18. h4 a5 19. h5 Bf7 20. Bd3 Qb4 21. Qh2 Rfe8 22. g5 fxg5 23. Bxg5 Be6 24. Bh6 Re7 25. Qg3 Nf6 26. a3 Qb6 27. Qg5 Ne8 28. Qxe7 Bf7 29. Bxg7 Nxg7 30. h6 Re8 31. Rxg7+ 1-0

[Event "African Games-chT 2019"]
[Site "Casablanca"]
[Date "2019.08.24"]
[Round "5.12"]
[White "Wakuruwarewa, Colletta"]
[Black "Rania, Sbai"]
[Result "1-0"]
[WhiteElo "1587"]
[BlackElo "1853"]
[Annotator "NA"]
[PlyCount "93"]
[EventDate "2019.08.24"]
[EventType "team-tourn"]
[EventCountry "MAR"]
[SourceTitle "playchess.com"]
[Source "ChessBase"]
[SourceQuality "1"]
[WhiteTeam "Zimbabwe"]
[BlackTeam "Morocco"]
[WhiteTeamCountry "ZIM"]
[BlackTeamCountry "MAR"]
[TimeControl "900+10"]

1. e4 {[%emt 0:00:00]} e5 {[%emt 0:00:00]} 2. Nf3 {[%emt 0:00:00]} Nc6 {[%emt 0:00:00]} 3. Bc4 {[%emt 0:00:04]} Bc5 {[%emt 0:00:00]} 4. c3 {[%emt 0:00:27]} Nf6 {[%emt 0:00:00]} 5. d3 {[%emt 0:00:11]} d6 {[%emt 0:00:14]} 6. h3 {[%emt 0:00:01]} h6 {[%emt 0:00:37]} 7. O-O {[%emt 0:00:03]} O-O {[%emt 0:00:47]} 8. Re1 {[%emt 0:00:17]} a6 {[%emt 0:01:24]} 9. Be3 {[%emt 0:00:29]} Ba7 {[%emt 0:01:11]} 10. Nbd2 {[%emt 0:00:21]} Na5 {[%emt 0:00:16]} 11. Bb3 {[%emt 0:00:37]} Nxb3 {[%emt 0:00:17]} 12. Nxb3 {[%emt 0:00:07]} Be6 {[%emt 0:01:15]} 13. Nbd2 {[%emt 0:01:17]} Nh7 {[%emt 0:00:41]} 14. d4 {[%emt 0:00:28]} f6 {[%emt 0:01:50]} 15. Qc2 {[%emt 0:01:44]} Qe8 {[%emt 0:00:34]} 16. d5 {[%emt 0:00:24]} Bd7 {[%emt 0:00:12]} 17. Nf1 {[%emt 0:01:16]} Qg6 {[%emt 0:00:42]} 18. Ng3 {[%emt 0:00:15]} f5 {[%emt 0:02:31]} 19. Nh4 {[%emt 0:00:13]} Qf7 {[%emt 0:00:28]} 20. Nhxf5 {[%emt 0:00:07]} Nf6 {[%emt 0:01:13]} 21. Bxh6 {[%emt 0:00:21]} Nh5 {[%emt 0:00:42]} 22. Be3 {[%emt 0:00:25]} Nxg3 {[%emt 0:00:54]} 23. Nxg3 {[%emt 0:00:05]} Qg6 {[%emt 0:00:29]} 24. Bxa7 {[%emt 0:01:16]} Rxa7 {[%emt 0:00:01]} 25. Re3 {[%emt 0:00:12]} Raa8 {[%emt 0:00:03]} 26. Qe2 Rf4 {[%emt 0:00:34]} 27. Nh5 {[%emt 0:00:54]} Rh4 {[%emt 0:00:20]} 28. Nxg7 {[%emt 0:02:04]} Bxh3 {[%emt 0:01:03]} 29. Rg3 {[%emt 0:00:22]} Rg4 {[%emt 0:00:14]} 30. Rxg4 {[%emt 0:00:13]} Bxg4 {[%emt 0:00:11]} 31. f3 {[%emt 0:00:02]} Bxf3 {[%emt 0:00:22]} 32. Qxf3 {[%emt 0:00:05]} Qxg7 {[%emt 0:00:13]} 33. Rf1 {[%emt 0:00:05]} Rf8 {[%emt 0:00:17]} 34. Qxf8+ {[%emt 0:00:10]} Qxf8 {[%emt 0:00:02]} 35. Rxf8+ {[%emt 0:00:01]} Kxf8 {[%emt 0:00:01]} 36. Kh2 {[%emt 0:00:03]} Kg7 {[%emt 0:00:09]} 37. Kg3 {[%emt 0:00:02]} c6 {[%emt 0:00:57]} 38. c4 {[%emt 0:00:01]} c5 {[%emt 0:00:18]} 39. Kg4 {[%emt 0:00:02]} Kg6 {[%emt 0:00:01]} 40. a4 {[%emt 0:00:21]} b6 {[%emt 0:00:24]} 41. b3 {[%emt 0:00:05]} a5 {[%emt 0:00:08]} 42. g3 {[%emt 0:00:07]} Kf6 {[%emt 0:00:13]} 43. Kh5 {[%emt 0:00:04]} Kf7 {[%emt 0:00:01]} 44. Kh6 {[%emt 0:00:03]} Kf6 {[%emt 0:00:02]} 45. g4 {[%emt 0:00:02]} Kf7 {[%emt 0:00:02]} 46. g5 {[%emt 0:00:04]} Kf8 {[%emt 0:00:14]} 47. Kh7 {[%emt 0:00:03]} 1-0

[Event "African Games-chT 2019"]
[Site "Casablanca"]
[Date "2019.08.24"]
[Round "5.13"]
[White "Aderito, Pedro"]
[Black "Chumfwa, Stanley"]
[Result "1-0"]
[WhiteElo "2301"]
[BlackElo "2317"]
[Annotator "NA"]
[PlyCount "69"]
[EventDate "2019.08.24"]
[EventType "team-tourn"]
[EventCountry "MAR"]
[SourceTitle "playchess.com"]
[Source "ChessBase"]
[SourceQuality "1"]
[WhiteTeam "Angola"]
[BlackTeam "Zambia"]
[WhiteTeamCountry "ANG"]
[BlackTeamCountry "ZAM"]
[TimeControl "900+10"]

1. Nf3 {[%emt 0:00:00]} Nf6 {[%emt 0:00:00]} 2. g3 {[%emt 0:00:00]} g6 {[%emt 0:00:00]} 3. Bg2 {[%emt 0:00:00]} Bg7 {[%emt 0:00:00]} 4. O-O {[%emt 0:00:03]} O-O {[%emt 0:00:00]} 5. d4 {[%emt 0:00:06]} d6 {[%emt 0:00:00]} 6. c4 {[%emt 0:00:03]} Nbd7 {[%emt 0:00:02]} 7. Nc3 {[%emt 0:00:02]} e5 {[%emt 0:00:02]} 8. e4 {[%emt 0:00:03]} exd4 {[%emt 0:00:06]} 9. Nxd4 {[%emt 0:00:03]} Nc5 {[%emt 0:00:03]} 10. h3 {[%emt 0:00:04]} Re8 {[%emt 0:00:06]} 11. Re1 {[%emt 0:00:02]} Bd7 {[%emt 0:00:04]} 12. a3 {[%emt 0:00:14]} a5 {[%emt 0:00:15]} 13. b3 {[%emt 0:00:12]} Qc8 {[%emt 0:01:01]} 14. Kh2 {[%emt 0:00:07]} h5 {[%emt 0:00:49]} 15. Rb1 {[%emt 0:00:25]} h4 {[%emt 0:00:28]} 16. g4 {[%emt 0:00:18]} Nh7 {[%emt 0:00:08]} 17. Be3 {[%emt 0:01:20]} Qd8 {[%emt 0:00:49]} 18. f4 {[%emt 0:00:17]} g5 {[%emt 0:00:27]} 19. Qd2 {[%emt 0:01:32]} gxf4 {[%emt 0:02:16]} 20. Bxf4 {[%emt 0:00:02]} Ne6 {[%emt 0:03:14]} 21. Be3 {[%emt 0:03:08]} Be5+ {[%emt 0:01:03]} 22. Kh1 {[%emt 0:00:02]} Nxd4 {[%emt 0:00:39]} 23. Bxd4 {[%emt 0:00:04]} Be6 {[%emt 0:00:15]} 24. Rf1 {[%emt 0:01:11]} Qg5 {[%emt 0:01:14]} 25. Be3 {[%emt 0:00:06]} Qg7 {[%emt 0:00:01]} 26. Nd5 {[%emt 0:00:10]} Bxd5 {[%emt 0:00:09]} 27. cxd5 {[%emt 0:00:01]} c5 {[%emt 0:00:31]} 28. dxc6 {[%emt 0:00:25]} bxc6 {[%emt 0:00:02]} 29. Rf5 {[%emt 0:00:23]} c5 {[%emt 0:01:14]} 30. Rbf1 {[%emt 0:00:19]} Re7 {[%emt 0:00:48]} 31. Bg5 {[%emt 0:02:43]} Bc3 {[%emt 0:00:38]} 32. Qd5 {[%emt 0:00:13]} Rae8 {[%emt 0:01:23]} 33. Bxe7 Rxe7 34. Qxd6 {[%emt 0:00:11]} Re6 {[%emt 0:00:33]} 35. Qxc5 {[%emt 0:00:05]} 1-0

[Event "African Games-chT 2019"]
[Site "Casablanca"]
[Date "2019.08.24"]
[Round "5.14"]
[White "Kayonde, Andrew"]
[Black "Silva, David"]
[Result "1/2-1/2"]
[WhiteElo "2384"]
[BlackElo "2239"]
[Annotator "NA"]
[PlyCount "101"]
[EventDate "2019.08.24"]
[EventType "team-tourn"]
[EventCountry "MAR"]
[SourceTitle "playchess.com"]
[Source "ChessBase"]
[SourceQuality "1"]
[WhiteTeam "Zambia"]
[BlackTeam "Angola"]
[WhiteTeamCountry "ZAM"]
[BlackTeamCountry "ANG"]
[TimeControl "900+10"]

1. d4 {[%emt 0:00:00]} Nf6 {[%emt 0:00:00]} 2. Bg5 {[%emt 0:00:00]} d5 {[%emt 0:00:03]} 3. Bxf6 {[%emt 0:00:02]} exf6 {[%emt 0:00:03]} 4. e3 {[%emt 0:00:02]} c6 {[%emt 0:00:01]} 5. c4 {[%emt 0:00:05]} Bb4+ {[%emt 0:00:07]} 6. Nc3 {[%emt 0:00:08]} dxc4 {[%emt 0:00:03]} 7. Bxc4 {[%emt 0:00:04]} O-O {[%emt 0:00:03]} 8. Qc2 {[%emt 0:00:35]} f5 {[%emt 0:00:23]} 9. Nge2 {[%emt 0:00:04]} Qf6 {[%emt 0:00:02]} 10. O-O {[%emt 0:00:50]} Bd6 {[%emt 0:00:14]} 11. g3 {[%emt 0:01:01]} a5 {[%emt 0:00:20]} 12. Bd3 {[%emt 0:00:19]} Na6 {[%emt 0:00:12]} 13. a3 {[%emt 0:00:01]} g6 {[%emt 0:00:54]} 14. Rad1 {[%emt 0:00:26]} Re8 {[%emt 0:00:10]} 15. Rfe1 {[%emt 0:00:30]} Bf8 {[%emt 0:00:03]} 16. d5 {[%emt 0:00:22]} Nc5 {[%emt 0:00:07]} 17. dxc6 {[%emt 0:00:09]} bxc6 {[%emt 0:00:08]} 18. Bc4 {[%emt 0:00:01]} Rb8 {[%emt 0:00:07]} 19. Nd4 {[%emt 0:00:15]} h5 {[%emt 0:00:20]} 20. h4 {[%emt 0:00:24]} f4 {[%emt 0:00:12]} 21. exf4 {[%emt 0:00:35]} Rxe1+ {[%emt 0:00:44]} 22. Rxe1 {[%emt 0:00:01]} Bg4 {[%emt 0:00:54]} 23. Nb3 {[%emt 0:00:35]} Bf5 {[%emt 0:00:04]} 24. Qd1 {[%emt 0:00:04]} Nxb3 {[%emt 0:00:13]} 25. Bxb3 {[%emt 0:00:02]} Bc5 {[%emt 0:00:08]} 26. Na4 {[%emt 0:03:13]} Ba7 {[%emt 0:00:38]} 27. Bc2 {[%emt 0:00:27]} Bg4 {[%emt 0:00:21]} 28. Qd2 {[%emt 0:00:02]} Rd8 {[%emt 0:00:12]} 29. Qxa5 {[%emt 0:00:04]} Qd4 {[%emt 0:00:03]} 30. Re3 {[%emt 0:00:31]} Kg7 {[%emt 0:02:58]} 31. Qc3 {[%emt 0:01:42]} Qxc3 {[%emt 0:00:03]} 32. Rxc3 {[%emt 0:00:02]} Rd2 {[%emt 0:00:51]} 33. Nc5 {[%emt 0:00:03]} Bb6 {[%emt 0:01:57]} 34. b4 {[%emt 0:00:03]} Bd8 {[%emt 0:00:31]} 35. Be4 {[%emt 0:00:22]} Bf6 {[%emt 0:00:22]} 36. Rd3 {[%emt 0:00:20]} Ra2 {[%emt 0:00:04]} 37. Bxc6 {[%emt 0:01:18]} Bb2 {[%emt 0:00:06]} 38. a4 {[%emt 0:00:27]} Ba3 {[%emt 0:00:11]} 39. Na6 {[%emt 0:01:39]} Be2 {[%emt 0:00:10]} 40. Rd7 Bxa6 {[%emt 0:00:06]} 41. Bd5 {[%emt 0:02:49]} Ra1+ {[%emt 0:00:04]} 42. Kh2 {[%emt 0:00:04]} Bxb4 {[%emt 0:00:30]} 43. Rxf7+ {[%emt 0:00:02]} Kh8 {[%emt 0:00:20]} 44. f5 {[%emt 0:01:14]} gxf5 {[%emt 0:01:09]} 45. Rxf5 {[%emt 0:00:03]} Be2 {[%emt 0:00:02]} 46. Bf3 {[%emt 0:00:31]} Bxf3 {[%emt 0:00:32]} 47. Rxf3 {[%emt 0:00:01]} Kg7 {[%emt 0:00:04]} 48. Rf5 {[%emt 0:00:06]} Kg6 {[%emt 0:00:04]} 49. Rg5+ {[%emt 0:00:03]} Kh6 {[%emt 0:00:01]} 50. f3 {[%emt 0:00:19]} Rxa4 {[%emt 0:00:10]} 51. g4 {[%emt 0:00:05]} 1/2-1/2

[Event "African Games-chT 2019"]
[Site "Casablanca"]
[Date "2019.08.24"]
[Round "5.15"]
[White "Caxita, Esperanca"]
[Black "Mwango, Lorita"]
[Result "1-0"]
[WhiteElo "1803"]
[BlackElo "1947"]
[Annotator "NA"]
[PlyCount "120"]
[EventDate "2019.08.24"]
[EventType "team-tourn"]
[EventCountry "MAR"]
[SourceTitle "playchess.com"]
[Source "ChessBase"]
[SourceQuality "1"]
[WhiteTeam "Angola"]
[BlackTeam "Zambia"]
[WhiteTeamCountry "ANG"]
[BlackTeamCountry "ZAM"]
[TimeControl "900+10"]

1. e4 {[%emt 0:00:00]} c6 {[%emt 0:00:00]} 2. d4 {[%emt 0:00:00]} d5 {[%emt 0:00:00]} 3. exd5 {[%emt 0:00:00]} cxd5 {[%emt 0:00:00]} 4. Bd3 {[%emt 0:00:06]} Nf6 {[%emt 0:00:04]} 5. Nf3 {[%emt 0:00:12]} Bg4 {[%emt 0:00:08]} 6. c3 {[%emt 0:00:14]} Nbd7 {[%emt 0:00:24]} 7. Nbd2 {[%emt 0:00:05]} e6 {[%emt 0:00:08]} 8. Qb3 {[%emt 0:01:19]} Qb6 {[%emt 0:01:15]} 9. Qc2 {[%emt 0:00:29]} Rc8 {[%emt 0:01:01]} 10. O-O {[%emt 0:00:54]} Be7 {[%emt 0:00:29]} 11. Re1 {[%emt 0:00:16]} O-O {[%emt 0:00:12]} 12. h3 {[%emt 0:01:02]} Bh5 {[%emt 0:00:09]} 13. Ne5 {[%emt 0:00:22]} Bg6 {[%emt 0:02:30]} 14. Ndf3 {[%emt 0:01:58]} Nxe5 {[%emt 0:01:26]} 15. Nxe5 {[%emt 0:00:13]} Bxd3 {[%emt 0:00:08]} 16. Qxd3 {[%emt 0:00:01]} Ne4 {[%emt 0:00:41]} 17. Nd7 {[%emt 0:00:11]} Qc7 {[%emt 0:00:27]} 18. Nxf8 {[%emt 0:00:05]} Bxf8 {[%emt 0:00:10]} 19. f3 {[%emt 0:01:11]} Qg3 {[%emt 0:00:28]} 20. Be3 {[%emt 0:00:56]} Nf6 {[%emt 0:01:20]} 21. Bf2 {[%emt 0:00:29]} Qg5 {[%emt 0:00:54]} 22. Re5 {[%emt 0:00:52]} Qg6 {[%emt 0:00:11]} 23. Qxg6 {[%emt 0:00:31]} hxg6 {[%emt 0:00:02]} 24. Re2 {[%emt 0:00:21]} Bd6 {[%emt 0:00:07]} 25. g3 {[%emt 0:00:31]} Rc6 {[%emt 0:00:52]} 26. Kg2 {[%emt 0:00:12]} Nd7 {[%emt 0:00:12]} 27. Rc1 {[%emt 0:00:17]} Nb6 {[%emt 0:00:12]} 28. b3 {[%emt 0:00:13]} Kf8 {[%emt 0:01:00]} 29. Rcc2 {[%emt 0:00:21]} Be7 {[%emt 0:00:25]} 30. g4 {[%emt 0:00:06]} Bf6 {[%emt 0:00:37]} 31. Bg3 {[%emt 0:00:03]} g5 {[%emt 0:00:31]} 32. Be5 {[%emt 0:00:31]} Bxe5 {[%emt 0:00:15]} 33. Rxe5 {[%emt 0:00:10]} f6 {[%emt 0:00:02]} 34. Re1 {[%emt 0:00:04]} Kf7 {[%emt 0:00:03]} 35. Kg3 {[%emt 0:00:02]} a6 {[%emt 0:00:14]} 36. f4 {[%emt 0:00:40]} gxf4+ {[%emt 0:00:07]} 37. Kxf4 {[%emt 0:00:01]} Rd6 {[%emt 0:00:07]} 38. g5 {[%emt 0:00:15]} Nd7 {[%emt 0:00:37]} 39. h4 {[%emt 0:00:30]} g6 {[%emt 0:00:42]} 40. gxf6 {[%emt 0:00:51]} Kxf6 {[%emt 0:00:09]} 41. Rf1 {[%emt 0:00:10]} e5+ {[%emt 0:00:32]} 42. dxe5+ {[%emt 0:00:39]} Nxe5 {[%emt 0:00:02]} 43. Re2 {[%emt 0:00:15]} Re6 {[%emt 0:00:21]} 44. Kg3+ {[%emt 0:01:09]} Ke7 {[%emt 0:00:17]} 45. Rd1 {[%emt 0:00:04]} Nd7 {[%emt 0:01:47]} 46. Rxe6+ {[%emt 0:00:09]} Kxe6 {[%emt 0:00:01]} 47. Kf4 {[%emt 0:00:02]} Nf6 {[%emt 0:00:20]} 48. Rd3 {[%emt 0:00:36]} Ne4 {[%emt 0:00:51]} 49. Re3 {[%emt 0:00:21]} Kf6 {[%emt 0:00:07]} 50. c4 {[%emt 0:00:18]} g5+ {[%emt 0:00:26]} 51. hxg5+ {[%emt 0:00:05]} Nxg5 {[%emt 0:00:01]} 52. cxd5 {[%emt 0:00:06]} Nf7 {[%emt 0:00:10]} 53. Re6+ {[%emt 0:00:05]} Kg7 {[%emt 0:00:01]} 54. Kf5 {[%emt 0:00:17]} Kf8 {[%emt 0:00:27]} 55. Rf6 {[%emt 0:00:57]} Ke7 {[%emt 0:00:03]} 56. Rxf7+ {[%emt 0:00:29]} Kxf7 {[%emt 0:00:02]} 57. Ke5 {[%emt 0:00:01]} Ke7 {[%emt 0:00:02]} 58. b4 {[%emt 0:00:06]} Kd7 {[%emt 0:00:17]} 59. d6 {[%emt 0:00:07]} Kd8 {[%emt 0:00:23]} 60. Kd5 {[%emt 0:00:13]} Kd7 1-0

[Event "African Games-chT 2019"]
[Site "Casablanca"]
[Date "2019.08.24"]
[Round "5.16"]
[White "Mululu Linah"]
[Black "Pires, Luzia"]
[Result "0-1"]
[WhiteElo "1633"]
[BlackElo "1924"]
[Annotator "NA"]
[PlyCount "70"]
[EventDate "2019.08.24"]
[EventType "team-tourn"]
[EventCountry "MAR"]
[SourceTitle "playchess.com"]
[Source "ChessBase"]
[SourceQuality "1"]
[WhiteTeam "Zambia"]
[BlackTeam "Angola"]
[WhiteTeamCountry "ZAM"]
[BlackTeamCountry "ANG"]
[TimeControl "900+10"]

1. d4 {[%emt 0:00:00]} d5 {[%emt 0:00:00]} 2. Nf3 {[%emt 0:00:00]} e6 {[%emt 0:00:00]} 3. e3 {[%emt 0:00:00]} Nf6 {[%emt 0:00:00]} 4. Nbd2 {[%emt 0:00:09]} Bd6 {[%emt 0:00:03]} 5. Bd3 {[%emt 0:00:01]} O-O {[%emt 0:00:03]} 6. O-O {[%emt 0:00:01]} c5 {[%emt 0:00:02]} 7. b3 {[%emt 0:00:08]} b6 {[%emt 0:00:03]} 8. Bb2 {[%emt 0:00:01]} h6 {[%emt 0:00:12]} 9. Ne5 {[%emt 0:00:05]} Bb7 {[%emt 0:00:07]} 10. f4 {[%emt 0:00:23]} Ne4 {[%emt 0:00:14]} 11. Ndf3 {[%emt 0:00:49]} f5 {[%emt 0:00:14]} 12. c4 {[%emt 0:00:28]} Nd7 {[%emt 0:00:10]} 13. Qe1 {[%emt 0:00:17]} Ndf6 {[%emt 0:00:09]} 14. Qh4 {[%emt 0:00:42]} Qe8 {[%emt 0:00:11]} 15. Nd7 {[%emt 0:03:00]} Qxd7 {[%emt 0:00:11]} 16. Rae1 {[%emt 0:00:24]} Qf7 {[%emt 0:00:02]} 17. Bxe4 {[%emt 0:00:31]} Nxe4 {[%emt 0:00:27]} 18. dxc5 {[%emt 0:00:38]} Nxc5 {[%emt 0:01:46]} 19. Rd1 {[%emt 0:01:09]} Be7 {[%emt 0:00:30]} 20. Qg3 {[%emt 0:00:03]} Ne4 {[%emt 0:00:35]} 21. Qe1 {[%emt 0:00:37]} dxc4 {[%emt 0:00:17]} 22. Rd7 {[%emt 0:01:32]} Bc6 {[%emt 0:00:26]} 23. Rc7 {[%emt 0:00:24]} Rac8 {[%emt 0:00:20]} 24. Ne5 {[%emt 0:00:46]} Qe8 {[%emt 0:00:05]} 25. Rxa7 {[%emt 0:00:36]} cxb3 {[%emt 0:00:07]} 26. axb3 {[%emt 0:00:17]} Bf6 {[%emt 0:02:55]} 27. Bd4 {[%emt 0:00:37]} Bxe5 {[%emt 0:01:04]} 28. Bxe5 {[%emt 0:00:11]} Rf7 {[%emt 0:00:08]} 29. Ra6 {[%emt 0:00:44]} Bb5 {[%emt 0:00:09]} 30. Rxb6 {[%emt 0:00:02]} Bxf1 {[%emt 0:00:04]} 31. Qxf1 {[%emt 0:00:01]} Qd7 {[%emt 0:01:11]} 32. h3 {[%emt 0:00:20]} Rc2 {[%emt 0:00:25]} 33. Rb8+ {[%emt 0:01:42]} Kh7 {[%emt 0:00:02]} 34. Qf3 {[%emt 0:00:34]} Qd2 {[%emt 0:00:23]} 35. Rb4 {[%emt 0:00:40]} Qxb4 {[%emt 0:00:14]} 0-1

[Event "African Games-chT 2019"]
[Site "Casablanca"]
[Date "2019.08.24"]
[Round "5.17"]
[White "Mwale, Joseph"]
[Black "Gohil, Mehul"]
[Result "1-0"]
[WhiteElo "2231"]
[BlackElo "2076"]
[Annotator "NA"]
[PlyCount "71"]
[EventDate "2019.08.24"]
[EventType "team-tourn"]
[EventCountry "MAR"]
[SourceTitle "playchess.com"]
[Source "ChessBase"]
[SourceQuality "1"]
[WhiteTeam "MAW"]
[BlackTeam "Kenya"]
[BlackTeamCountry "KEN"]
[TimeControl "900+10"]

1. d4 {[%emt 0:00:00]} d5 {[%emt 0:00:00]} 2. c4 {[%emt 0:00:00]} e6 {[%emt 0:00:00]} 3. g3 {[%emt 0:00:00]} Nf6 {[%emt 0:00:00]} 4. Bg2 {[%emt 0:00:00]} Be7 {[%emt 0:00:01]} 5. Nf3 {[%emt 0:00:00]} O-O {[%emt 0:00:02]} 6. O-O {[%emt 0:00:01]} dxc4 {[%emt 0:00:02]} 7. Qc2 {[%emt 0:00:03]} b6 {[%emt 0:00:02]} 8. Nbd2 {[%emt 0:00:34]} Bb7 {[%emt 0:00:07]} 9. Nxc4 {[%emt 0:00:02]} Nbd7 {[%emt 0:00:08]} 10. Rd1 {[%emt 0:00:24]} Qe8 {[%emt 0:01:00]} 11. Nce5 {[%emt 0:00:49]} c5 {[%emt 0:00:12]} 12. Nxd7 {[%emt 0:00:28]} Nxd7 {[%emt 0:00:11]} 13. Ng5 {[%emt 0:00:16]} Bxg5 {[%emt 0:00:15]} 14. Bxb7 {[%emt 0:00:03]} Rb8 {[%emt 0:00:10]} 15. Bc6 {[%emt 0:00:21]} Bxc1 {[%emt 0:02:04]} 16. dxc5 {[%emt 0:00:18]} Bg5 {[%emt 0:00:23]} 17. Bxd7 {[%emt 0:00:31]} Qd8 {[%emt 0:01:00]} 18. c6 {[%emt 0:00:15]} Qc7 {[%emt 0:00:20]} 19. b4 {[%emt 0:00:13]} b5 {[%emt 0:01:21]} 20. a4 {[%emt 0:00:18]} Be7 {[%emt 0:00:09]} 21. Qe4 {[%emt 0:00:41]} bxa4 {[%emt 0:01:37]} 22. Rxa4 {[%emt 0:00:05]} Rb5 {[%emt 0:00:05]} 23. Rda1 {[%emt 0:01:58]} Qd6 {[%emt 0:01:54]} 24. Rxa7 {[%emt 0:00:54]} Rxb4 {[%emt 0:00:18]} 25. Qc2 {[%emt 0:00:12]} Qc5 {[%emt 0:04:55]} 26. Qxc5 {[%emt 0:02:25]} Bxc5 {[%emt 0:00:02]} 27. R7a4 {[%emt 0:00:05]} Rxa4 {[%emt 0:02:17]} 28. Rxa4 Bd6 {[%emt 0:00:01]} 29. Ra7 {[%emt 0:00:07]} Bb8 {[%emt 0:00:06]} 30. Rb7 {[%emt 0:00:05]} Bd6 {[%emt 0:00:27]} 31. c7 {[%emt 0:00:06]} Bxc7 {[%emt 0:00:01]} 32. Rxc7 {[%emt 0:00:01]} g6 {[%emt 0:00:01]} 33. Rc8 {[%emt 0:00:01]} Kg7 {[%emt 0:00:06]} 34. Rxf8 {[%emt 0:00:02]} Kxf8 {[%emt 0:00:02]} 35. Kg2 {[%emt 0:00:01]} Ke7 {[%emt 0:00:01]} 36. Bb5 {[%emt 0:00:02]} 1-0

[Event "African Games-chT 2019"]
[Site "Casablanca"]
[Date "2019.08.24"]
[Round "5.18"]
[White "Sang, Ricky"]
[Black "Mphungu, Gerrard"]
[Result "0-1"]
[WhiteElo "1971"]
[BlackElo "2107"]
[Annotator "NA"]
[PlyCount "70"]
[EventDate "2019.08.24"]
[EventType "team-tourn"]
[EventCountry "MAR"]
[SourceTitle "playchess.com"]
[Source "ChessBase"]
[SourceQuality "1"]
[WhiteTeam "Kenya"]
[BlackTeam "MAW"]
[WhiteTeamCountry "KEN"]
[TimeControl "900+10"]

1. e4 {[%emt 0:00:00]} c5 {[%emt 0:00:00]} 2. Nf3 {[%emt 0:00:00]} d6 {[%emt 0:00:00]} 3. d4 {[%emt 0:00:00]} cxd4 {[%emt 0:00:00]} 4. Nxd4 {[%emt 0:00:00]} Nf6 {[%emt 0:00:00]} 5. Nc3 a6 6. Be3 {[%emt 0:00:17]} e5 {[%emt 0:00:06]} 7. Nb3 {[%emt 0:00:02]} Be6 {[%emt 0:00:03]} 8. f3 {[%emt 0:00:07]} Be7 {[%emt 0:00:04]} 9. Qd2 {[%emt 0:00:02]} Nbd7 {[%emt 0:00:06]} 10. O-O-O {[%emt 0:00:15]} b5 {[%emt 0:00:20]} 11. g4 {[%emt 0:00:26]} Nb6 {[%emt 0:03:14]} 12. g5 {[%emt 0:01:05]} Nh5 {[%emt 0:00:17]} 13. Bxb6 {[%emt 0:02:04]} Qxb6 {[%emt 0:00:01]} 14. h4 {[%emt 0:00:41]} O-O {[%emt 0:01:38]} 15. Nd5 {[%emt 0:01:29]} Bxd5 {[%emt 0:00:14]} 16. exd5 {[%emt 0:01:48]} g6 {[%emt 0:00:36]} 17. Kb1 {[%emt 0:00:15]} a5 {[%emt 0:01:37]} 18. Nc1 {[%emt 0:00:07]} f5 {[%emt 0:01:17]} 19. Ne2 {[%emt 0:01:46]} b4 {[%emt 0:01:46]} 20. f4 {[%emt 0:00:06]} Rfd8 {[%emt 0:03:00]} 21. Rh3 {[%emt 0:01:39]} Qf2 {[%emt 0:01:15]} 22. Rd3 {[%emt 0:01:58]} Qxh4 {[%emt 0:00:58]} 23. Qe3 {[%emt 0:01:07]} Nxf4 {[%emt 0:00:28]} 24. Nxf4 {[%emt 0:01:16]} Qxf4 {[%emt 0:00:02]} 25. Qh3 {[%emt 0:01:09]} e4 {[%emt 0:01:04]} 26. R3d2 {[%emt 0:00:14]} Bxg5 {[%emt 0:00:11]} 27. Rh2 {[%emt 0:00:05]} Ra7 {[%emt 0:00:18]} 28. Bb5 {[%emt 0:00:10]} Bf6 {[%emt 0:00:13]} 29. Rdh1 {[%emt 0:00:50]} Rb8 {[%emt 0:00:20]} 30. Bc6 {[%emt 0:00:42]} Qe5 {[%emt 0:00:03]} 31. Qb3 {[%emt 0:00:10]} a4 {[%emt 0:00:06]} 32. Bxa4 {[%emt 0:00:06]} Rxa4 {[%emt 0:00:21]} 33. Rxh7 {[%emt 0:00:04]} Ra3 {[%emt 0:00:25]} 34. Rg7+ {[%emt 0:00:29]} Bxg7 {[%emt 0:00:10]} 35. c4 {[%emt 0:00:08]} Rxb3 {[%emt 0:00:02]} 0-1